Championnat 2006-2007 de la Juventus en Série B - Statistiques

Statistiques générales
  • Ce quiz a été pris 59 fois
  • Le résultat moyen est 6 sur 22
Statistiques - réponses
Classement final Equipes points % Correct
1er Juventus Turin 85
100%
3ème Genoa 78
59%
14ème Bari 50
51%
2ème SSC Napoli 79
51%
22ème Pescara 24
47%
6ème Brescia 67
39%
7ème Bologne 65
37%
21ème Crotone 32
37%
9ème Lecce 58
37%
18ème Héllas Vérone 48
29%
12ème Frosinone 50
27%
19ème Spezia 46
22%
16ème Modène 49
18%
15ème Cesena 49
14%
5ème Rimini 67
14%
4ème Piacenza 68
12%
10ème AlbinoLeffe 53
8%
8ème Mantova 64
6%
13ème Trévise 50
6%
17ème Triestina 48
6%
20ème Arezzo 45
4%
11ème Vincenza 50
0%
Aucun quiz correspondant
Distribution des résultats
% des personnes avec chaque résultat
Percentile par nombre de réponses
Votre historique - résultats
Vous n’avez pas pris ce quiz